Представление документа в формате RUSMARC

ПолеНазваниеЗначение
  Тип записи a
  Библиографический уровень m
001 Контрольный номер RU/REG73/CBS_GRAD/654540446
005 Дата корректировки 20221122154852.0
010 Индекс ISBN __
a ISBN 978-5-94683-067-6
101 Язык документа __
a Язык текста rus
200 Заглавие и сведения об ответственности __
a Заглавие История мелекесско-димитровградских улиц
f Первые сведения об ответственности Александр Семёнович Милюшов
b Общее обозначение материала Текст
203 Вид содержания и тип средства __
a Вид содержания Текст (визуальный) : непосредственный
210 Выходные данные __
a Место издания Димитровград
c Издательство ООО "Издательский центр "ЮНИПресс"
d Дата издания 2014
215 Физическое описание __
a Объем 174 с.
610 Ключевые слова __
a Ключевые слова краеведение
686 Индексы других классификаций __
a Классификационный индекс 63.3(2...)
700 Автор __
a Фамилия Милюшов
g Полное личное имя Александр Семёнович
801 Источник записи _0
a Страна RU
b Организация RuCBSGrad
g Правила каталогизации PSBO
801 Источник записи _1
a Страна RU
b Организация RuCBSGrad
g Правила каталогизации PSBO
901 Тип документа __
t Тип документа m
981 __
b i
g e
2 isbdcontent
982 __
b n
2 isbdmedia
993 __
a 17910
b 7480
c Ретро
e 264793
f ЦГДБ
h 0.00
i 264793
m 1
n 44101.578565
o I
x 1
y 1
z 63.3(2...)